Missing Word: Home Movies Quiz Stats

 Plays Quiz Updated Jul 18, 2018

Score 0/28 Timer 05:00
2 Plays Today
Movie Missing word % Correct
The Spy Next ___Door
98.7%
Knights of the Round ___Table
95.1%
Cat on a Hot Tin ___Roof
93%
___ of RosesBed
88.3%
Rear ___Window
88.2%
Panic ___Room
87.3%
Anne of Green ___Gables
85.7%
Pirates of the Caribbean: Dead Man's ___Chest
83.8%
The Longest ___Yard
82.6%
Annie ___Hall
70.4%
Pink Floyd The ___Wall
70.2%
A ___ Grows in BrooklynTree
69.5%
___ to the GallowsElevator
67.6%
The Spiral ___Staircase
64.5%
Movie Missing word % Correct
The 39 ___Steps
62.3%
The People Under the ___Stairs
59%
Flowers in the ___Attic
57%
___ the Bismarck!Sink
54.1%
___ StateGarden
53.9%
Splendor in the ___Grass
53.9%
Where the ___ EndsSidewalk
42.8%
___ TalkPillow
41.8%
Rabbit-Proof ___Fence
35.9%
Torn ___Curtain
30.5%
The Ninth ___Gate
30.4%
Sherlock Holmes and a ___ in ScarletStudy
27.6%
The ___ of Dr. CaligariCabinet
17.6%
___ ZeroCeiling
12.1%

Today's Daily Dose

You're not logged in!

Compare scores with friends on all Sporcle quizzes.
OR
Log In

You Might Also Like...

Show Comments

Extras

Top Quizzes Today


Score Distribution

Your Account Isn't Verified!

In order to create a playlist on Sporcle, you need to verify the email address you used during registration. Go to your Sporcle Settings to finish the process.

Report this User

Report this user for behavior that violates our Community Guidelines.

Details: